[Liquidació del pressupost] Liquidación del presupuesto ordinario del ejercicio económico de 1979
Descripción Física:
2 v. ; 22 cm
MARC
| LEADER | 00000nam a2200000Ia 4500 | ||
|---|---|---|---|
| 001 | 8598, 19223 | ||
| 008 | 160829s9999 xx 000 0 cat d | ||
| 080 | |a Pressupostos | ||
| 110 | 1 | |a Barcelona (Catalunya : Província). |b Diputació |9 52408 | |
| 245 | |a [Liquidació del pressupost] Liquidación del presupuesto ordinario del ejercicio económico de 1979 | ||
| 260 | |a Barcelona: |b Diputació de Barcelona, [s.a.] 1979 | ||
| 300 | |a 2 v. ; |c 22 cm | ||
| 590 | |a En castellà. | ||
| 590 | |a Conté: v. 1: Primer semestre; v. 2: Segon semestre | ||
| 610 | 1 | 0 | |a Barcelona (Catalunya : Província). |b Diputació |x Assignacions pressupostàries i despeses |9 53789 |
| 901 | |a Arxiu | ||
| 942 | |n 1 | ||
| 952 | |0 0 |1 0 |4 0 |6 PRESSUPOSTOS |7 1 |9 44044 |a Arxiu |b Arxiu |d 2016-12-01 |l 0 |o Pressupostos |p 8598, 19223 |r 2016-12-01 00:00:00 |w 2016-12-01 |y ARXIU | ||
| 999 | |c 46624 |d 46624 | ||